Social media for academics (Record no. 76584)

MARC details
000 -LEADER
fixed length control field 01049nam a2200265 a 4500
008 - FIXED-LENGTH DATA ELEMENTS--GENERAL INFORMATION
fixed length control field 180814s2016 ||||||||||||||||| || u
020 ## - INTERNATIONAL STANDARD BOOK NUMBER
International Standard Book Number 9781446298695
020 ## - INTERNATIONAL STANDARD BOOK NUMBER
International Standard Book Number 1446298698 (paperback)
020 ## - INTERNATIONAL STANDARD BOOK NUMBER
International Standard Book Number 144629868X
020 ## - INTERNATIONAL STANDARD BOOK NUMBER
International Standard Book Number 9781446298688
050 ## - LIBRARY OF CONGRESS CALL NUMBER
Classification number HM 742 Car
100 ## - MAIN ENTRY--PERSONAL NAME
Personal name Carrigan, Mark
245 10 - TITLE STATEMENT
Title Social media for academics
Statement of responsibility, etc. Mark Carrigan
260 ## - PUBLICATION, DISTRIBUTION, ETC.
Place of publication, distribution, etc. Los Angeles
Name of publisher, distributor, etc. SAGE Publications
Date of publication, distribution, etc. 2016
300 ## - PHYSICAL DESCRIPTION
Extent x, 194 pages ; 24 cm
338 ## -
-- volume
-- rdacarrier
350 ## -
-- 32.47
500 ## - GENERAL NOTE
General note Includes bibliographical references (pages 171-184) and index.
650 #0 - SUBJECT ADDED ENTRY--TOPICAL TERM
Topical term or geographic name entry element SOCIAL MEDIA
650 #0 - SUBJECT ADDED ENTRY--TOPICAL TERM
Topical term or geographic name entry element ONLINE SOCIAL NETWORKS
995 ## -
-- MAIN LIBRARY OPEN ACCESS
-- 748476
-- CBU-MAIN LIBRARY (Kitwe)
-- 32.47
-- HM 742 Car
-- 3
-- AVAILABLE
-- Aug 31, 2018
-- 748476
-- Main Library Open Access Collection
995 ## -
-- MAIN LIBRARY OPEN ACCESS
-- 748477
-- CBU-MAIN LIBRARY (Kitwe)
-- 32.47
-- HM 742 Car
-- 4
-- AVAILABLE
-- Aug 31, 2018
-- 748477
-- Main Library Open Access Collection
999 ## -
-- 76584
-- 76584
Holdings
Withdrawn status Lost status Source of classification or shelving scheme Damaged status Not for loan Permanent Location Current Location Shelving location Date acquired Total Checkouts Full call number Barcode Date last seen Copy number Price effective from Koha item type
          CBU-MAIN LIBRARY, KITWE. CBU-MAIN LIBRARY, KITWE.   04/25/2023   HM 742 Car 748476 04/25/2023 1 04/25/2023 MONOGRAPH
          CBU-MAIN LIBRARY, KITWE. CBU-MAIN LIBRARY, KITWE.   04/25/2023   HM 742 Car 748477 04/25/2023 2 04/25/2023 MONOGRAPH